000 00924cam a2200217 4500
001 WB3727-18
008 000000n2001 000 0 eng u
035 _a(Sirsi) u113569
245 _aHousing Transfer programme for 2001/02
260 _c2001
490 _aDTLR News Release
_v(292) 22 June 2001, (2)
520 _aTwenty-seven local authorities have been given the go-ahead by the Housing Minister to proceed with proposals for the transfer of all or part of their housing stock to registered social landlords. This will mean that during the next two years tenants of over 328,000 council homes will benefit from repairs and improvements to their properties.
590 _aWB
650 _aREGISTERED SOCIAL LANDLORDS
650 _aHOUSING STOCK TRANSFER
650 _aREPAIRS AND IMPROVEMENTS
650 _aHOUSING POLICY
650 _aCOUNCIL HOUSING
690 _aAffordable housing
_96215
942 _n0
999 _c67661
_d67661